Cris des animaux - Statistiques

Statistiques générales
  • Ce quiz a été pris 1 768 fois
    1 642 depuis la dernière actualisation
  • Le résultat moyen est 11 sur 18
Statistiques - réponses
Nom du cri Animal % Correct
Miaulement Chat | Panthère | Tigre | Hibou
100%
Aboiement Chien | Chacal
95%
Hennissement Cheval | Zèbre | Lama
87%
Bêlement Mouton | Chèvre | Girafe | Otarie | Phoque
85%
Coassement Crapaud | Grenouille
79%
Meuglement Bœuf | Vache | Girafe | Buffle
76%
Hululement Chouette | Hibou
74%
Caquètement Poule | Canard
70%
Glouglou Dindon
65%
Ricanement Hyène
61%
Brame Cerf | Chevreuil | Daim | Biche
60%
Croassement Corbeau | Corneille | Freux | Perroquet
53%
Braiment Ane | Pingouin | Manchot
51%
Barrissement Eléphant | Rhinocéros
49%
Glapissement Lapin | Renard | Epervier | Faisan | Grue
48%
Vrombissement Abeille | Guêpe | Mouche
23%
Blatèrement Chameau | Bélier
23%
Grondement Ours | Chien
23%
Aucun quiz correspondant
Distribution des résultats
% des personnes avec chaque résultat
Percentile par nombre de réponses
Votre historique - résultats
Vous n’avez pas pris ce quiz depuis la dernière actualisation